Statistics for Word Scramble - Harry Potter Words

Click here to take the quiz!

General Stats

  • This quiz has been taken 198 times
  • The average score is 13 of 15

Answer Stats

HintAnswer% Correct
RharyHarry
98%
NroRon
98%
ArwizdWizard
97%
NdwaWand
95%
BroomstickBroomstick
94%
WichtWitch
94%
PesnaSnape
88%
XineohpPhoenix
86%
DevotromlVoldemort
86%
LlagmcgoanMcgonagall
83%
GimacMagic
79%
GdirahHagrid
78%
SsoofprerProfessor
78%
ErodelbmudDumbledore
73%
RtsawghoHogwarts
72%

Score Distribution

Percentile by Number Answered

Percent of People with Each Score

Your Score History

You have not taken this quiz